A talajvíz toxikus elemtartalmának tér- és időbeli változása városi környezetben, Szegeden

This paper presents the spatial-temporal changes of the toxic element content in groundwater within urban area, Szeged (Hungary). In the course of our work groundwater contamination was monitored using twenty-eight sampling wells from the groundwater monitoring network of Szeged. The water samples w...

Teljes leírás

Elmentve itt :
Bibliográfiai részletek
Szerzők: Fejes Ildikó
Farsang Andrea
Testületi szerző: International Symposium on Analytical and Environmental Problems (17.) (2011) (Szeged)
Dokumentumtípus: Könyv része
Megjelent: SZAB Szeged 2012
Sorozat:Proceedings of the International Symposium on Analytical and Environmental Problems 17
Kulcsszavak:Talajvíz - szennyeződés - mérés - Szeged
Tárgyszavak:
Online Access:http://acta.bibl.u-szeged.hu/76387
LEADER 02302naa a2200253 i 4500
001 acta76387
005 20220822102328.0
008 220809s2012 hu o 1|| hun d
020 |a 978-963-315-066-5 
040 |a SZTE Egyetemi Kiadványok Repozitórium  |b hun 
041 |a hun 
041 |a eng 
100 1 |a Fejes Ildikó 
245 1 2 |a A talajvíz toxikus elemtartalmának tér- és időbeli változása városi környezetben, Szegeden  |h [elektronikus dokumentum] /  |c  Fejes Ildikó 
260 |a SZAB  |b Szeged  |c 2012 
300 |a 47-51 
490 0 |a Proceedings of the International Symposium on Analytical and Environmental Problems  |v 17 
520 3 |a This paper presents the spatial-temporal changes of the toxic element content in groundwater within urban area, Szeged (Hungary). In the course of our work groundwater contamination was monitored using twenty-eight sampling wells from the groundwater monitoring network of Szeged. The water samples were collected every month from October of 2010 and the nickel, lead, arsenic, cobalt, chrome, zinc, copper and cadmium concentrations were measured. We examined the relationship of this different pollutants and their distribution in the city. According to the results, the groundwater of Szeged is contaminated with lead, nickel, copper, zinc and arsenic, mainly in the downtown, close to the river Tisza. Statistical relationship, used Spearman’s rank correlation, was determined among the siderophile (namely chrome and nickel), and chalcophile elements (lead, zinc, cadmium, copper). The temporal changes are similar by the most components, and compared to the average monthly rainfall the concentrations follow the rainfall changes with one month delay. The poorest groundwater quality in the examined period was measured at the beginning of winter and early spring, the autumn months characterized the clearest water. 
650 4 |a Természettudományok 
650 4 |a Föld- és kapcsolódó környezettudományok 
695 |a Talajvíz - szennyeződés - mérés - Szeged 
700 0 1 |a Farsang Andrea  |e aut 
711 |a International Symposium on Analytical and Environmental Problems (17.) (2011) (Szeged)  |c Szeged  |d 2011. szeptember 19. 
856 4 0 |u http://acta.bibl.u-szeged.hu/76387/1/proceedings_of_isaep_2011_047-051.pdf  |z Dokumentum-elérés